000
00306nam a2200133Ia 4500
008
231017s9999 xx 000 0 und d
082
_a
388.4091724
082
_b
SCH
245
4
_a
The 2005 Urban Mobility Report
245
0
_c
David Schrank
260
_b
David Schrank
300
_c
30cm
942
_c
REP
999
_c
604207
_d
604207